[Event "Sideways Pawns: Testing Sideways Pawns"]
[Site "SchemingMind.com"]
[Date "2022.06.16"]
[Round "-"]
[White "JPT"]
[Black "Thomas Jacob Kelly"]
[Result "0-1"]
[WhiteCountry "INT"]
[BlackCountry "USA"]
[WhiteElo "1315"]
[WhiteRD "162"]
[BlackElo "1778"]
[BlackRD "189"]
[GameID "724462"]

1. a4 e5 2. c3 b6 3. b4 Bb7 4. g3 Bxh1 5. g2 b7 6. Nf3 Nc6 7. Kf2 Nh6 8. Kg1 e4 9. Nd4 Ng4 10. h3 Nxd4
11. hxg4 h5 12. Kxh1 hxg4 13. g3 Qc7 14. Kg2 Nf3 15. exf3 exf3+ 16. Kg1 Qe5 17. e2 Qh5 18. h4 gxh3 19. Kh2 f2 20. Qd3 g2
21. Qe4+ Be7 22. Qxb7 gxf1=N+ 23. Kh1 Nxg3+
0-1

[Event "Sideways Pawns: Testing Sideways Pawns"]
[Site "SchemingMind.com"]
[Date "2022.06.15"]
[Round "-"]
[White "Thomas Jacob Kelly"]
[Black "JPT"]
[Result "1-0"]
[WhiteCountry "USA"]
[BlackCountry "INT"]
[WhiteElo "1662"]
[WhiteRD "292"]
[BlackElo "1200"]
[BlackRD "230"]
[GameID "724463"]

1. e3 a6 2. Bc4 b6 3. b4 c6 4. Bb2 d6 5. Bc3 e6 6. Nf3 Bb7 7. O-O Be7 8. e2 f6 9. Qe1 e6 10. Qg3 g6
11. a3 Nh6 12. d3 O-O 13. e4 g7 14. Nd4 f7 15. Bd2 g5 16. f4 Kh8 17. Qh3 g7 18. Bxe6 dxe6 19. Nxe6 Bc8 20. Nxd8
1-0

[Event "Sideways Pawns: Testing Sideways Pawns"]
[Site "SchemingMind.com"]
[Date "2022.06.15"]
[Round "-"]
[White "surfnsuds"]
[Black "JPT"]
[Result "0-1"]
[WhiteCountry "USA"]
[BlackCountry "INT"]
[WhiteElo "1036"]
[WhiteRD "152"]
[BlackElo "1315"]
[BlackRD "162"]
[GameID "724464"]

1. d4 d5 2. d2 a6 3. e4 c5 4. Qf3 Be6 5. e5 f5 6. exf6 Nxf6 7. c4 c6 8. a3 b5 9. Qe2 Bxc4 10. d3 Bxd3
11. Qxd3 Qxd3 12. Bxd3 c5 13. Bf4 d6 14. Nf3 Nc6 15. O-O e5 16. Re1 O-O-O 17. Bg5 Be7 18. Bxf6 Bxf6 19. Nc3 Rhe8 20. Nd5 e6
21. Nb6+ Kc7 22. Na4 Rxd3 23. Nxc5 Rd5 24. Rac1 d6 25. Ne4 Rb5 26. Nxf6 gxf6 27. c2 h5 28. b3 a7 29. Nd2 Nd4 30. f4 Kd7
31. e4 Rc8 32. c3 Nxb3 33. Nxb3 Rxb3 34. Re3 a5 35. Kf2 a4 36. Ra1 a3 37. Ke2 Rb2+ 38. Kd3 a2 39. Ree1 Rxg2 40. Re2 b2
41. Rb1 a2 42. Rxa2 Rxa2 43. Rb7+ Ke6 44. d4 Ra3 45. c4 d5 46. cxd5+ Kxd5 47. b3 Rd8 48. Kc3 Kc6 49. Rh7 g5 50. Rh6 Rd6
51. Rg6 Kd5 52. Kb2 Raa6 53. b4 Rab6 54. Kc3 Ke4 55. Rg7 Rdc6+ 56. Kb3 a5
0-1

[Event "Sideways Pawns: Testing Sideways Pawns"]
[Site "SchemingMind.com"]
[Date "2022.06.15"]
[Round "-"]
[White "JPT"]
[Black "surfnsuds"]
[Result "1-0"]
[WhiteCountry "INT"]
[BlackCountry "USA"]
[WhiteElo "1315"]
[WhiteRD "162"]
[BlackElo "1036"]
[BlackRD "152"]
[GameID "724465"]

1. c3 c6 2. d3 d5 3. e3 c5 4. b3 b5 5. f3 e5 6. g3 f5 7. c3 g5 8. d3 f5 9. e3 e5 10. f3 d5
11. e3 c5 12. Bb5+ Ke7 13. Ne2 c4 14. O-O a6 15. Qa4 Qb6 16. Nbc3 Bb7 17. Be8 Nc6 18. Nxd5+ Kxe8 19. Nxb6 Rd8 20. Nxc4 Nf6
21. Nxe5 Bd6 22. Nxc6 Rc8 23. Na7+ Bc6 24. Nxc6 Kf7 25. Qxa6 Ra8 26. Qc4+ Kf8 27. Qe6 Ne8 28. a4 g6 29. Ba3 Bxa3 30. Rxa3 Kg7
31. Qe5+ Nf6 32. Qe7+ Kh6 33. Qxf6 Raf8 34. Qe7 g7 35. f4 Rf6 36. fxg5+ Kxg5 37. Qxg7 Rh6 38. h4+ Kg4 39. Qxf6 Kh5 40. Nf4+ Kg4
41. f3#
1-0

[Event "Sideways Pawns: Testing Sideways Pawns"]
[Site "SchemingMind.com"]
[Date "2022.06.16"]
[Round "-"]
[White "surfnsuds"]
[Black "Thomas Jacob Kelly"]
[Result "0-1"]
[WhiteCountry "USA"]
[BlackCountry "USA"]
[WhiteElo "1036"]
[WhiteRD "152"]
[BlackElo "1778"]
[BlackRD "189"]
[GameID "724466"]

1. d4 f5 2. Bf4 Nf6 3. d5 c5 4. e5 Nh5 5. g3 e6 6. d5 Qb6 7. Bg2 f7 8. e5 d5 9. e3 g7 10. d3 Bc5
11. Qd2 Nc6 12. Bh3 Bxf2+ 13. Qxf2 Qxb2 14. Ne2 Qxa1 15. b2 Qxb1+ 16. Nc1 Nxf4 17. Kd2 Nxh3 18. Qf1 Ng5 19. h4 Qxb2+ 20. Kd1 Nd4
21. hxg5 Qc2+ 22. Ke1 Qxc1+ 23. Kf2 Qd2+ 24. Kg1 Nf3+ 25. Qxf3 Qe1+ 26. Kg2 Qxh1+ 27. Kf2 Rh2+ 28. Ke3 Qg1+ 29. Kf4 Qd4+ 30. Qe4 dxe4
31. dxe4 Qxe4#
0-1

[Event "Sideways Pawns: Testing Sideways Pawns"]
[Site "SchemingMind.com"]
[Date "2022.06.16"]
[Round "-"]
[White "Thomas Jacob Kelly"]
[Black "surfnsuds"]
[Result "1-0"]
[WhiteCountry "USA"]
[BlackCountry "USA"]
[WhiteElo "1778"]
[WhiteRD "189"]
[BlackElo "1036"]
[BlackRD "152"]
[GameID "724467"]

1. e4 a5 2. Bc4 c6 3. Nf3 b5 4. Bb3 d6 5. d4 c5 6. Be3 d5 7. exd5 cxd5 8. Bxd5 Ra5 9. e4 e6 10. Bc4 d7
11. O-O Bc5 12. Qd2 Bxe3 13. fxe3 Nc6 14. b4 Rh5 15. a3 d5 16. exd5 exd5 17. Bb5 Qb6 18. Nc3 Be6 19. Nd4 Ne7 20. Qe2 g6
21. Na4 Qc7 22. g3 e5 23. Nxe6 Qd6 24. Ng7+ Kd7 25. Rad1 Rg5 26. Nc5+ Kc7 27. Rxd6 Kxd6 28. Ne4+ Kd5 29. Qc4#
1-0

[Event "Sideways Pawns: Testing Sideways Pawns"]
[Site "SchemingMind.com"]
[Date "2022.06.15"]
[Round "-"]
[White "surfnsuds"]
[Black "Abstract Actuary"]
[Result "0-1"]
[WhiteCountry "USA"]
[BlackCountry "USA"]
[WhiteElo "1036"]
[WhiteRD "152"]
[BlackElo "1504"]
[BlackRD "190"]
[GameID "724481"]

1. d3 d5 2. e4 dxe4 3. d4 Nf6 4. Be3 Bf5 5. f3 exf3 6. f2 e6 7. Qxf3 Be4 8. Qxf6 Qxf6 9. Bb5+ c6 10. Ba4 Bxh1
11. f3 Bxf3 12. Nxf3 Qxf3 13. Kd2 Nd7 14. c4 Bb4+ 15. Nc3 O-O-O 16. Kd3 Nc5+ 17. Kc2 Nxa4 18. Nd1 c5 19. a3 cxd4 20. axb4 dxe3
21. b3 Qe2+ 22. Kc1 Rxd1#
0-1

[Event "Sideways Pawns: Testing Sideways Pawns"]
[Site "SchemingMind.com"]
[Date "2022.06.15"]
[Round "-"]
[White "Abstract Actuary"]
[Black "surfnsuds"]
[Result "1-0"]
[WhiteCountry "USA"]
[BlackCountry "USA"]
[WhiteElo "1520"]
[WhiteRD "149"]
[BlackElo "1009"]
[BlackRD "146"]
[GameID "724482"]

1. e4 e5 2. Nf3 d6 3. d4 c6 4. dxe5 Qe7 5. Qxd6 Qxd6 6. exd6 Bg4 7. Ne5 Bxd6 8. Nc4 Bb4+ 9. c3 b5 10. cxb4 bxc4
11. Bxc4 Nf6 12. f3 Be6 13. Bxe6 fxe6 14. b3 O-O 15. O-O Rd8 16. Bg5 Na6 17. c4 Rd7 18. Nc3 Nc5 19. Rad1 a5 20. Rxd7 Ncxd7
21. Rd1 Ne5 22. Kf2 h6 23. Be3 Kf7 24. Bd4 Rd8 25. Bxe5 Rxd1 26. Nxd1 g6 27. Bxf6 Kxf6 28. Ke3 Ke5 29. Nf2 f6 30. Nd3+ Kd6
31. Kd4 b5 32. c5+ Ke6 33. Nb4 d6 34. d5+ Kd7 35. Nc6 c5+ 36. Kc4 g5 37. a4 Kc7 38. Kb5 g6 39. a5 f5 40. a6 fxe4
41. fxe4 f5 42. exf5 gxf5 43. f2 e5 44. h4 e4 45. h5 d4 46. Kc4 Kb6 47. a7 Kb7 48. h6 d3 49. Kxd3 Kb6 50. a8=Q b5
51. Qa7#
1-0

[Event "Sideways Pawns: Testing Sideways Pawns"]
[Site "SchemingMind.com"]
[Date "2022.06.15"]
[Round "-"]
[White "JPT"]
[Black "Abstract Actuary"]
[Result "0-1"]
[WhiteCountry "INT"]
[BlackCountry "USA"]
[WhiteElo "1200"]
[WhiteRD "230"]
[BlackElo "1747"]
[BlackRD "255"]
[GameID "724483"]

1. d3 d5 2. d2 e5 3. e3 c5 4. Qa4+ Nc6 5. f3 Bd7 6. Qb3 Bc8 7. f2 f5 8. c2 Nf6 9. d3 Qc7 10. h4 Be6
11. Nh3 h6 12. Bb2 Bd6 13. Rg1 Kf7 14. Nc3 d4 15. Rxg7+ Kxg7 16. Qxe6 Rae8 17. Qxf6+ Kxf6 18. Nd5+ Ke6 19. Nxc7+ Bxc7 20. exd4 cxd4
21. Bg2 Rhg8 22. g3 Ba5+ 23. d2 Rc8 24. c3 dxc3 25. dxc3 e4 26. Nf4+ Kf7 27. e3 Ne5 28. Bf1 Rxc3
0-1

[Event "Sideways Pawns: Testing Sideways Pawns"]
[Site "SchemingMind.com"]
[Date "2022.06.15"]
[Round "-"]
[White "Abstract Actuary"]
[Black "JPT"]
[Result "1-0"]
[WhiteCountry "USA"]
[BlackCountry "INT"]
[WhiteElo "1747"]
[WhiteRD "255"]
[BlackElo "1200"]
[BlackRD "230"]
[GameID "724484"]

1. e4 d6 2. d4 e6 3. c4 d7 4. Nc3 g6 5. Bd3 f6 6. f4 g7 7. Be3 c7 8. g3 a6 9. Nge2 a5 10. Kd2 Nh6
11. f3 g5 12. fxg5 fxg5 13. g2 g7 14. e5 dxe5 15. Bg6+ f7 16. Bh5 Nf5 17. Bxf7+ Kxf7 18. Rxh8 Nxe3 19. Kxe3 Qf6 20. Rh2 Bh6
21. Qd3 g4+ 22. Kf2 gxf3 23. Qxf3 f5 24. Rah1 Bg5 25. Qh5+ Ke7 26. Qh7+ Kd6 27. Qh8 Be3+ 28. Kxe3 Qg5+ 29. Kd3 Nc6 30. c5+
1-0

[Event "Sideways Pawns: Testing Sideways Pawns"]
[Site "SchemingMind.com"]
[Date "2022.06.16"]
[Round "-"]
[White "Abstract Actuary"]
[Black "Thomas Jacob Kelly"]
[Result "0-1"]
[WhiteCountry "USA"]
[BlackCountry "USA"]
[WhiteElo "1504"]
[WhiteRD "190"]
[BlackElo "1778"]
[BlackRD "189"]
[GameID "724485"]

1. e4 e6 2. d4 d5 3. Nc3 Bb4 4. Bd2 c5 5. a3 cxd4 6. axb4 dxc3 7. bxc3 dxe4 8. Bb5+ Bd7 9. Qe2 f5 10. Nh3 Nf6
11. Bg5 h6 12. Bf4 f7 13. Be5 Rg8 14. Rd1 Rxg2 15. Nf4 Rg8 16. Qc4 Nc6 17. Ke2 Nxe5 18. Bxd7+ Nfxd7 19. Qb5 Qc7 20. Nh5 O-O-O
21. Ra1 Qxc3 22. Rxa7 Qf3+ 23. Kd2 Nb6+ 24. Kc1 Qxh1+ 25. Kb2 Nec4+
0-1

[Event "Sideways Pawns: Testing Sideways Pawns"]
[Site "SchemingMind.com"]
[Date "2022.06.16"]
[Round "-"]
[White "Thomas Jacob Kelly"]
[Black "Abstract Actuary"]
[Result "0-1"]
[WhiteCountry "USA"]
[BlackCountry "USA"]
[WhiteElo "1710"]
[WhiteRD "134"]
[BlackElo "1637"]
[BlackRD "135"]
[GameID "724486"]

1. d4 e6 2. Nf3 d5 3. Bf4 c5 4. e3 Nc6 5. c3 a6 6. Na3 b5 7. Nc2 Bb7 8. h4 Bd6 9. Bxd6 Qxd6 10. Rc1 Nf6
11. Ng5 h6 12. Nh3 Kd7 13. h5 cxd4 14. exd4 c5 15. dxc5 Qxc5 16. Ne3 Rhc8 17. Bd3 Ne5 18. Nf4 b6 19. b4 Qd6 20. Bb1 Ba6
21. Rh4 Rc7 22. Qa4+ b5 23. Qb3 Rac8 24. Nfxd5 exd5 25. Bf5+ Ke8 26. Bxc8 Bxc8 27. Rd1 Be6 28. Qb2 Qc6 29. d3 Qc3+ 30. Qxc3 Rxc3
31. d4 Nc4 32. Nxc4 Rxc4 33. Rb1 Ne4 34. f3 Nd6 35. Rb2 Rc3 36. Kd2 Ra3 37. Ke2 Nc4 38. Rc2 Bf5 39. e4 dxe4 40. fxe4 Re3+
41. Kf2 Rxe4 42. Rxe4+ Bxe4 43. Re2 f5 44. g4 Kd7 45. Kg3 Kd6 46. Kf4 Bd3 47. Rh2 fxg4 48. Kxg4 Ne5+ 49. Kg3 Kd5 50. Rb2 g6
51. Kh4 gxh5 52. Kxh5 g6+ 53. Kh4 Kc4 54. a3 Kc3
0-1

[Event "Sideways Pawns: Testing Sideways Pawns"]
[Site "SchemingMind.com"]
[Date "2022.06.28"]
[Round "-"]
[White "surfnsuds"]
[Black "emakis"]
[Result "0-1"]
[WhiteCountry "USA"]
[BlackCountry "GRE"]
[WhiteElo "1036"]
[WhiteRD "152"]
[BlackElo "1694"]
[BlackRD "175"]
[GameID "724837"]

1. d4 d5 2. e3 Bf5 3. Nd2 Nf6 4. h3 h6 5. b3 e6 6. Bb2 Nbd7 7. e4 dxe4 8. d5 exd5 9. Bxf6 Nxf6 10. g4 Be6
11. f4 Bb4 12. a3 Bc3 13. Rb1 e3 14. Ke2 exd2 15. Kd3 Ne4 16. Ke3 c6 17. Ne2 d4+ 18. Kxe4 Qd5+ 19. Kd3 Qf3#
0-1

[Event "Sideways Pawns: Testing Sideways Pawns"]
[Site "SchemingMind.com"]
[Date "2022.06.28"]
[Round "-"]
[White "emakis"]
[Black "surfnsuds"]
[Result "1-0"]
[WhiteCountry "GRE"]
[BlackCountry "USA"]
[WhiteElo "1694"]
[WhiteRD "175"]
[BlackElo "1036"]
[BlackRD "152"]
[GameID "724838"]

1. d4 d5 2. Bf4 f6 3. e3 e5 4. dxe5 e6 5. Qxd8+ Kxd8 6. Nc3 f6 7. O-O-O+ d7 8. Nf3 h6 9. h4 g5 10. hxg5 f5
11. Bc4 Bb4 12. Nd5 Ne7 13. Nxb4 Ng6 14. Rxh6 Rxh6 15. gxh6 Ke7 16. Bg5+ Ke8 17. Bf6 e7 18. Bg7 e6 19. Ng5 Ke7 20. Bf6+ Ke8
21. Rd8#
1-0

[Event "Sideways Pawns: Testing Sideways Pawns"]
[Site "SchemingMind.com"]
[Date "2022.06.28"]
[Round "-"]
[White "JPT"]
[Black "emakis"]
[Result "0-1"]
[WhiteCountry "INT"]
[BlackCountry "GRE"]
[WhiteElo "1315"]
[WhiteRD "162"]
[BlackElo "1694"]
[BlackRD "175"]
[GameID "724839"]

1. b3 d5 2. Bb2 Nc6 3. Nf3 Bf5 4. Nd4 Nxd4 5. Bxd4 e6 6. Bb2 Nf6 7. g3 Be7 8. Bg2 O-O 9. O-O c6 10. d3 h6
11. Nd2 a5 12. e4 dxe4 13. Nxe4 Nxe4 14. dxe4 Bg6 15. Qe2 a4 16. a3 Qb6 17. Rab1 Qc5 18. Rfd1 Rad8 19. Rxd8 Rxd8 20. Rd1 d6
21. d4 Qb6 22. c4 Bh5 23. g4 Bxg4 24. f3 Bf5 25. b4 c6 26. Kh1 Bf6 27. e3 Qc7 28. Rc1 Qe7 29. Rf1 Bg6 30. Rd1 d6
31. e4 Re8 32. Re1 Bh4 33. Rg1 Bxe4 34. Bxe4 Qxe4+ 35. Qxe4 Rxe4 36. d5 Re1
0-1

[Event "Sideways Pawns: Testing Sideways Pawns"]
[Site "SchemingMind.com"]
[Date "2022.06.28"]
[Round "-"]
[White "emakis"]
[Black "JPT"]
[Result "1-0"]
[WhiteCountry "GRE"]
[BlackCountry "INT"]
[WhiteElo "1694"]
[WhiteRD "175"]
[BlackElo "1315"]
[BlackRD "162"]
[GameID "724840"]

1. d4 d5 2. Bf4 Nc6 3. e3 Nf6 4. Bb5 Bd7 5. Nf3 e6 6. O-O Ne4 7. Nbd2 a6 8. Bd3 Nxd2 9. Qxd2 Bd6 10. Bxd6 cxd6
11. c3 O-O 12. h4 f6 13. Qc2 g6 14. Rfe1 f5 15. c4 Nb4 16. Qb3 Nxd3 17. Qxd3 dxc4 18. Qxc4+ f7 19. d5 Bb5 20. Qd4 Re8
21. Nd2 e5 22. Qg4 h5 23. Qg5 Qxg5 24. hxg5 e4 25. Rac1 Re5 26. Rc7 Rxd5 27. Nxe4 Bc6 28. Nf6+
1-0

[Event "Sideways Pawns: Testing Sideways Pawns"]
[Site "SchemingMind.com"]
[Date "2022.06.28"]
[Round "-"]
[White "Abstract Actuary"]
[Black "emakis"]
[Result "0-1"]
[WhiteCountry "USA"]
[BlackCountry "GRE"]
[WhiteElo "1520"]
[WhiteRD "149"]
[BlackElo "1775"]
[BlackRD "131"]
[GameID "724841"]

1. e4 c5 2. d4 cxd4 3. c3 Nf6 4. e5 Nd5 5. cxd4 g6 6. c2 Bg7 7. c4 Nb6 8. f4 d6 9. Ba3 O-O 10. Nf3 Bg4
11. h3 Bxf3 12. Qxf3 Qc7 13. Nd2 dxe5 14. fxe5 Bxe5 15. dxe5 Qxe5+ 16. Kf2 Qxa1 17. Qxb7 Qf6+ 18. Nf3 N8d7 19. Bd3 Qc3 20. Bxe7 Qxd3
21. Bxf8 Rxf8 22. Re1 Qxc4 23. Kg3 Qxa2 24. Re7 Nc5 25. Qc7 Ne6 26. Qb7 Nd5 27. Rxe6 fxe6 28. Ng5 Qa3+ 29. Kh2 Qe7
0-1

[Event "Sideways Pawns: Testing Sideways Pawns"]
[Site "SchemingMind.com"]
[Date "2022.06.28"]
[Round "-"]
[White "emakis"]
[Black "Abstract Actuary"]
[Result "1-0"]
[WhiteCountry "GRE"]
[BlackCountry "USA"]
[WhiteElo "1775"]
[WhiteRD "131"]
[BlackElo "1520"]
[BlackRD "149"]
[GameID "724842"]

1. d4 Nf6 2. c4 e6 3. Nf3 Bb4+ 4. Bd2 Qe7 5. Qb3 c5 6. dxc5 Bxc5 7. d4 Bb6 8. e3 Nc6 9. Be2 d5 10. O-O Bd7
11. Rc1 O-O 12. Nc3 c7 13. Bb5 b7 14. Bxc6 bxc6 15. Ne5 d6 16. Nd3 Rfb8 17. Qd1 Ba5 18. b3 c5 19. dxc5 dxc5 20. Ne5 Be8
21. Be1 Qd6 22. Nc4 Qc7 23. Nxa5 Rxa5 24. Na4 Rab5 25. b4 c4 26. Nc5 Nd7 27. Na6 Qb7 28. Nxb8 Nxb8 29. a4 Rb6 30. a5 Rb5
31. Bc3 Nc6 32. Qg4 e5 33. a6 Qb8 34. f4 d4 35. exd4 exd4 36. a7 Qa8 37. Re1 e7 38. Bxd4 Nxd4 39. Rxe7 Bf7 40. Qd7 Rd5
41. Qb7 Ne2+ 42. Rxe2 Rd8 43. Re7 Bd5 44. Rxg7+ Kf8 45. Qe7#
1-0

[Event "Sideways Pawns: Testing Sideways Pawns"]
[Site "SchemingMind.com"]
[Date "2022.06.28"]
[Round "-"]
[White "emakis"]
[Black "Thomas Jacob Kelly"]
[Result "1-0"]
[WhiteCountry "GRE"]
[BlackCountry "USA"]
[WhiteElo "1694"]
[WhiteRD "175"]
[BlackElo "1778"]
[BlackRD "189"]
[GameID "724843"]

1. c4 e6 2. Nc3 Nf6 3. d4 Bb4 4. Qc2 Nc6 5. Nf3 d5 6. cxd5 exd5 7. a3 Ba5 8. Bg5 Be6 9. e3 d7 10. Bd3 Bc7
11. b4 e7 12. O-O a6 13. b5 Nb8 14. Rfc1 Nbd7 15. bxa6 bxa6 16. b3 b6 17. Nb5 O-O 18. Rxa8 Qxa8 19. Nxc7 Qa5 20. Nxe6 fxe6
21. Qc3 Qa3 22. Ra1
1-0

[Event "Sideways Pawns: Testing Sideways Pawns"]
[Site "SchemingMind.com"]
[Date "2022.06.28"]
[Round "-"]
[White "Thomas Jacob Kelly"]
[Black "emakis"]
[Result "1-0"]
[WhiteCountry "USA"]
[BlackCountry "GRE"]
[WhiteElo "1813"]
[WhiteRD "152"]
[BlackElo "1775"]
[BlackRD "131"]
[GameID "724844"]

1. c4 d5 2. cxd5 Qxd5 3. Nc3 Qd8 4. e3 c5 5. Bc4 Nf6 6. d4 d5 7. Bd3 Nc6 8. c2 e5 9. dxe5 Nxe5 10. a3 Bd7
11. Nge2 Rc8 12. O-O a6 13. Bb2 Nxd3 14. cxd3 Be7 15. a4 O-O 16. d4 Re8 17. Qb3 Bc6 18. b4 Qb6 19. Ba3 c5 20. dxc5 Bxc5
21. Na4 Bxa4 22. Qxa4 Bxe3 23. Ng3 Bd4 24. Ra2 Ng4 25. Qd1 Nxf2 26. Raxf2 Rc6 27. Nh1 Rf6 28. g3 Rd8 29. Qe1 Re6 30. Qb1 Rf6
31. Qa2 Be3 32. Kg2 Qc6+ 33. f3 Rh6 34. Ng3 Qd7 35. Kh1 Qh3 36. Rg2 Bf4 37. e3
1-0

[Event "Sideways Pawns: Testing Sideways Pawns"]
[Site "SchemingMind.com"]
[Date "2022.07.02"]
[Round "-"]
[White "surfnsuds"]
[Black "David Perna-Fraser"]
[Result "0-1"]
[WhiteCountry "USA"]
[BlackCountry "CAN"]
[WhiteElo "1036"]
[WhiteRD "152"]
[BlackElo "1751"]
[BlackRD "231"]
[GameID "724903"]

1. e4 e5 2. d4 exd4 3. Qxd4 Nc6 4. Qd5 Nf6 5. Qd3 Nb4 6. Qc4 d5 7. exd5 Nfxd5 8. a3 Nc6 9. e2 Be7 10. e3 O-O
11. e4 Nb6 12. Qc3 Bf6 13. Qg3 Bh4 14. Qxh4 Qxh4+ 15. f2 Qxe4+ 16. e2 Qxh1 17. Nf3 Bh3 18. g2 Bxg2 19. Nfd2 Bxf1 20. Nxf1 Rfe8
21. Nd2 Nd4 22. Kf2 Rxe2+ 23. Kg3 Qg2+ 24. Kh4 Nf5+ 25. Kh5 Qg6#
0-1

[Event "Sideways Pawns: Testing Sideways Pawns"]
[Site "SchemingMind.com"]
[Date "2022.07.03"]
[Round "-"]
[White "David Perna-Fraser"]
[Black "surfnsuds"]
[Result "1-0"]
[WhiteCountry "CAN"]
[BlackCountry "USA"]
[WhiteElo "1751"]
[WhiteRD "231"]
[BlackElo "1036"]
[BlackRD "152"]
[GameID "724904"]

1. e4 e5 2. Nf3 c6 3. Nxe5 Qg5 4. d4 Qf6 5. Bc4 Nh6 6. Bxh6 gxh6 7. Qh5 g6 8. Bxf7+ Ke7 9. Bxg6 Bg7 10. Bxh7 d6
11. Ng6+ Ke6 12. Nxh8 Bxh8 13. Qe8+ Qe7 14. Bf5+ Kf6 15. Qg6#
1-0

[Event "Sideways Pawns: Testing Sideways Pawns"]
[Site "SchemingMind.com"]
[Date "2022.07.02"]
[Round "-"]
[White "JPT"]
[Black "David Perna-Fraser"]
[Result "1/2-1/2"]
[WhiteCountry "INT"]
[BlackCountry "CAN"]
[WhiteElo "1620"]
[WhiteRD "136"]
[BlackElo "1855"]
[BlackRD "148"]
[GameID "724905"]

1. e4 e5 2. Nf3 d6 3. Bc4 Be6 4. Bxe6 fxe6 5. d4 exd4 6. Nxd4 Nf6 7. Bg5 Qd7 8. Nc3 c5 9. Nf3 Nc6 10. O-O Be7
11. Bxf6 Bxf6 12. Re1 Bxc3 13. bxc3 b5 14. b3 O-O 15. c3 Qe7 16. Qd3 a6 17. Rad1 Rad8 18. Qe3 a5 19. f4 Rf6 20. Ng5 h6
21. Nxe6 Re8 22. f5 Rxf5 23. Qe4 Re5 24. Qxc6 Qxe6 25. Rxe5 Qxe5 26. Qxb5 Qe2 27. Qxe2 Rxe2 28. Ra1 d5 29. Kf1 Rc2 30. d3 d4
31. e2 Kf7 32. Ke1 Ke6 33. d2 a4 34. bxa4 Rb2 35. a3 Kd5 36. a5 Rb5 37. a6 Ra5 38. b6 Rb5 39. a6 Ra5 40. b6=
1/2-1/2

[Event "Sideways Pawns: Testing Sideways Pawns"]
[Site "SchemingMind.com"]
[Date "2022.07.03"]
[Round "-"]
[White "David Perna-Fraser"]
[Black "JPT"]
[Result "1-0"]
[WhiteCountry "CAN"]
[BlackCountry "INT"]
[WhiteElo "1751"]
[WhiteRD "231"]
[BlackElo "1315"]
[BlackRD "162"]
[GameID "724906"]

1. e4 e5 2. Nc3 Nc6 3. Bc4 Nf6 4. Nf3 Bc5 5. O-O O-O 6. d3 d6 7. Bg5 Kh8 8. Nd5 e6 9. Nxf6 gxf6 10. Be3 Bxe3
11. fxe3 Na5 12. Nd2 Nxc4 13. Nxc4 g6 14. Nxe5 f6 15. Qf3 c6 16. Rf2 Kg7 17. Raf1 f5 18. g4 Bd7 19. gxf5 exf5 20. Nxd7 Qxd7
21. Qh3 Rf7 22. exf5 f6 23. Rg2+ Kh8 24. Qg3 Rg7 25. Qxg7+ Qxg7 26. Rxg7 Kxg7 27. e4 Kf7 28. Kf2
1-0

[Event "Sideways Pawns: Testing Sideways Pawns"]
[Site "SchemingMind.com"]
[Date "2022.07.06"]
[Round "-"]
[White "Abstract Actuary"]
[Black "David Perna-Fraser"]
[Result "1/2-1/2"]
[WhiteCountry "USA"]
[BlackCountry "CAN"]
[WhiteElo "1700"]
[WhiteRD "123"]
[BlackElo "1728"]
[BlackRD "124"]
[GameID "724907"]

1. e4 e6 2. d4 d5 3. Nd2 c5 4. exd5 exd5 5. Bb5+ Bd7 6. Qe2+ Qe7 7. Bxd7+ Nxd7 8. c3 cxd4 9. cxd4 Qxe2+ 10. Nxe2 Ngf6
11. Nf3 Bd6 12. O-O O-O 13. Bf4 Bxf4 14. Nxf4 Rfe8 15. Rfe1 Re4 16. Rxe4 dxe4 17. Ne5 Nxe5 18. dxe5 Nd7 19. e6 fxe6 20. Nxe6 Re8
21. Nd4 Nc5 22. Re1 Nd3 23. Re2 Rc8 24. h3 Rc1+ 25. Kh2 Rc4 26. Nf5 Ra4 27. b3 Ra5 28. Nd6 h6 29. Nxb7 Ra6 30. a4 Rb6
31. Na5 Nc5 32. Kg3 Nxb3 33. Nxb3 Rxb3+ 34. Kf4 d4 35. Re8+ Kf7 36. Rd8 d3 37. Ke3 c3 38. Kd3 Rb2 39. Kxc3 Rxf2 40. Rd7+ Kg6
41. Rd2 Rxd2 42. Kxd2 Kf5 43. Ke3 Ke5 44. a5 a6 45. h4 g5 46. g4 Kd5 47. Kd3 g6 48. f2 h5 49. h4 f6 50. e2 f5
51. Ke3 Ke5 52. f2 f4+ 53. Kf3 e4+ 54. Ke3 d4+ 55. Kd3 e4+ 56. Ke3 Kf5 57. f4 exf3 58. Kxf3 Ke5 59. Ke3 Kf5=
1/2-1/2

[Event "Sideways Pawns: Testing Sideways Pawns"]
[Site "SchemingMind.com"]
[Date "2022.07.06"]
[Round "-"]
[White "David Perna-Fraser"]
[Black "Abstract Actuary"]
[Result "1-0"]
[WhiteCountry "CAN"]
[BlackCountry "USA"]
[WhiteElo "1820"]
[WhiteRD "199"]
[BlackElo "1520"]
[BlackRD "149"]
[GameID "724908"]

1. e4 e6 2. d4 d5 3. e5 c5 4. c3 Nc6 5. Bb5 a6 6. Ba4 b5 7. Bc2 cxd4 8. cxd4 Bb4+ 9. Nc3 Nge7 10. a3 Ba5
11. Be3 Bb6 12. Nf3 Bb7 13. O-O O-O 14. Qd3 Ng6 15. h4 h5 16. Bg5 Qd7 17. g4 c5 18. gxh5 c4 19. Qe3 Nge7 20. h6 h7
21. Bf6 Ng6 22. h5 Nce7 23. hxg6 fxg6 24. Qg5 Nf5 25. Bxf5 exf5 26. Nh4 Bxd4 27. Nxg6 Kf7 28. Nxf8 Rxf8 29. Qg7+ Ke8 30. Qxd7+ Kxd7
31. Rad1 Rg8+ 32. Bg7 Bxe5 33. Nxd5
1-0

[Event "Sideways Pawns: Testing Sideways Pawns"]
[Site "SchemingMind.com"]
[Date "2022.07.01"]
[Round "-"]
[White "emakis"]
[Black "David Perna-Fraser"]
[Result "0-1"]
[WhiteCountry "GRE"]
[BlackCountry "CAN"]
[WhiteElo "1730"]
[WhiteRD "117"]
[BlackElo "1855"]
[BlackRD "148"]
[GameID "724909"]

1. e4 e5 2. Nf3 Nf6 3. d4 exd4 4. e5 e4 5. Nd4 Nd5 6. c4 Bb4+ 7. Bd2 Bxd2+ 8. Qxd2 Ne7 9. Nc3 Nbc6 10. O-O-O Nxe5
11. Nxe4 d6 12. f4 N5c6 13. Nxc6 Nxc6 14. Bd3 O-O 15. Ng5 h6 16. Nf3 Qf6 17. h3 Bf5 18. Bxf5 Qxf5 19. g4 Qe4 20. Nd4 Rae8
21. Rhe1 Qxd4 22. Qxd4 Nxd4 23. Rxe8 Rxe8 24. Rxd4 Re3 25. h4 Rh3 26. h5 f5 27. gxf5 Rxh5 28. c5 Rxf5 29. cxd6 cxd6 30. g4 Rc5+
31. Kd2 d5 32. b3 Kf7 33. a4 a5 34. b4 axb4 35. Rxb4 b5 36. Rf4+ Ke6 37. Rf8 d4 38. Rf4 c4 39. b4 Rd5+ 40. Kc2 g5
41. Rf8 Rd4 42. Rh8 g6 43. Rb8 Rxg4 44. Rxb5 f5 45. Rb8 f4 46. b5 f3 47. Rf8 Rg5 48. Rxf3 Rxb5 49. Rf8 Rf5 50. Re8+ Kd5
51. Rg8 g5 52. Kd2 Ke4 53. Rc8 d4 54. Re8+ Kf4 55. Rg8 g4 56. Ke2 g3 57. Kf1 Kf3 58. Ra8 d3 59. Ra3 e3
0-1

[Event "Sideways Pawns: Testing Sideways Pawns"]
[Site "SchemingMind.com"]
[Date "2022.07.02"]
[Round "-"]
[White "David Perna-Fraser"]
[Black "emakis"]
[Result "1-0"]
[WhiteCountry "CAN"]
[BlackCountry "GRE"]
[WhiteElo "1855"]
[WhiteRD "148"]
[BlackElo "1730"]
[BlackRD "117"]
[GameID "724910"]

1. e4 d6 2. d4 Nf6 3. c4 g6 4. Nc3 Bg7 5. f4 Nc6 6. Nf3 Bg4 7. e5 dxe5 8. dxe5 Qxd1+ 9. Nxd1 Ne4 10. Bd3 Nc5
11. Bb1 O-O-O 12. Nf2 Bf5 13. Bxf5+ gxf5 14. Be3 Nd3+ 15. Nxd3 Rxd3 16. Bd2 Rhd8 17. Ke2 Nd4+ 18. Kxd3 Nxf3+ 19. Ke3 Nxd2 20. b3 Ne4
21. b2 a6 22. d4 f6 23. g4 fxe5 24. dxe5 e6 25. gxf5 exf5 26. Rhd1 Re8 27. b4 c6 28. Rd3 Bf8 29. c4 Bh6 30. Kf3 Bf8
31. Rad1 Nc5 32. Rd4 a5 33. h3 a4 34. a2 b4 35. h4 Kc7 36. h5 Ra8 37. R1d2 Ra3+ 38. Kg2 Be7 39. e6 Bh4 40. Re2 Rg3+
41. Kh2 Rg7 42. g5 Re7 43. d6+
1-0